Mah December Mein Pesh Aaniwale Nakhushgawar Waqiat Ki Sachchi Rudad (Record no. 6847)

MARC details
000 -LEADER
fixed length control field 00662nam a2200241 a 4500
020 ## - INTERNATIONAL STANDARD BOOK NUMBER
ISBN
082 00 - DEWEY DECIMAL CLASSIFICATION NUMBER
Classification number 297.7
Author Cutter DAR
245 ## - TITLE STATEMENT
Title Mah December Mein Pesh Aaniwale Nakhushgawar Waqiat Ki Sachchi Rudad
260 ## - PUBLICATION, DISTRIBUTION, ETC. (IMPRINT)
Place of publication Deoband
Name of publisher Darul Uloom Deoband
Year of publication 1983
300 ## - PHYSICAL DESCRIPTION
Number of Pages 20p
500 ## - GENERAL NOTE
General note includes index and biblioraphy
505 2# - FORMATTED CONTENTS NOTE
Formatted contents note Foot notes by Maulana Maulvi Ilahi Bakhsh.
650 ## - SUBJECT ADDED ENTRY--TOPICAL TERM
Topical Term Islamic-Education
650 ## - SUBJECT ADDED ENTRY--TOPICAL TERM
Topical Term Darul Uloom Deoband
942 ## - ADDED ENTRY ELEMENTS (KOHA)
Koha item type Books
Holdings
Collection code Home library Current library Date acquired Cost, normal purchase price Full call number Accession Number Koha item type
  Henry Martyn Institute Library Henry Martyn Institute Library 07/12/2007 100.00 297.7 DAR 011827 Books
                   Copyright © 2026 | Henry Martyn Institute | Hyderabad | TS-500052 | INDIA | Implemented by hmi.edu.in
Hit-Count:

Powered by Koha